[Event "40th Olympiad Open"]
[Site "Istanbul TUR"]
[Date "2012.08.28"]
[Round "1.51"]
[Board "1"]
[White "Sanon, Mondoly"]
[Black "Gerzhoy, Leonid"]
[Result "0-1"]
[BlackTitle "IM"]
[WhiteElo "2088"]
[BlackElo "2448"]
[WhiteTeam "Haiti"]
[BlackTeam "Canada"]
[WhiteFideId "11900059"]
[BlackFideId "2806126"]
[EventDate "2012.08.28"]

1. e4 e6 2. d4 d5 3. exd5 exd5 4. Nf3 Bd6 5. Be2 Nf6 6. Nc3 c6 7. h3 O-O 8. O-O
Re8 9. Be3 Nbd7 10. a3 Nf8 11. Qd2 Ng6 12. Bd3 Qc7 13. Rae1 Ne4 14. Qc1 Nxc3 15.
bxc3 b5 16. Bg5 Bd7 17. Nh4 Nf4 18. Bxf4 Bxf4 19. Qd1 g6 20. Nf3 c5 21. Rxe8+
Rxe8 22. Re1 c4 23. Rxe8+ Bxe8 24. Bf1 Qe7 25. g3 Bh6 26. Ne5 Qxa3 27. Qf3 Qd6
28. Bg2 a5 29. Qg4 Qe6 30. Qf3 a4 31. Ng4 Bg7 32. Ne3 a3 33. Qd1 Bc6 34. Qa1 Qd6
35. h4 Bf8 36. Bf3 b4 37. cxb4 Qxb4 38. Nd1 Qd2 39. Qc3 Qc1 40. Qa5 Qb1 41. Kh2
a2 42. Ne3 a1=Q 43. Qc7 Qg1+ 44. Kh3 0-1

[Event "40th Olympiad Open"]
[Site "Istanbul TUR"]
[Date "2012.08.28"]
[Round "1.52"]
[Board "1"]
[White "Elsness, Frode"]
[Black "Bacchas, Clevert"]
[Result "1-0"]
[WhiteTitle "IM"]
[WhiteElo "2498"]
[BlackElo "1944"]
[WhiteTeam "Norway"]
[BlackTeam "Bermuda"]
[WhiteFideId "1501100"]
[BlackFideId "8800758"]
[EventDate "2012.08.28"]

1. d4 Nf6 2. c4 e6 3. Nc3 b6 4. e4 Bb4 5. Bd3 Bb7 6. Qc2 O-O 7. Ne2 d5 8. cxd5
exd5 9. e5 Ne4 10. f3 f5 11. fxe4 fxe4 12. Bb5 c6 13. Ba4 Ba6 14. Be3 Bd3 15.
Qd2 Qh4+ 16. g3 Qg4 17. Nf4 Ba6 18. Bd1 Qf5 19. Be2 Bxc3 20. bxc3 Bxe2 21. Qxe2
Nd7 22. Rf1 1-0

[Event "40th Olympiad Open"]
[Site "Istanbul TUR"]
[Date "2012.08.28"]
[Round "1.52"]
[Board "4"]
[White "Radford, Michael"]
[Black "Bae, Torstein"]
[Result "0-1"]
[BlackTitle "IM"]
[WhiteElo "1848"]
[BlackElo "2420"]
[WhiteTeam "Bermuda"]
[BlackTeam "Norway"]
[WhiteFideId "8800421"]
[BlackFideId "1501887"]
[EventDate "2012.08.28"]

1. d4 Nf6 2. g3 g6 3. Bg2 Bg7 4. c4 O-O 5. Nc3 d6 6. Nf3 Nc6 7. O-O a6 8. Re1
Rb8 9. d5 Na5 10. Qd3 c5 11. e4 b5 12. b3 b4 13. e5 dxe5 14. Ne4 Nxe4 15. Rxe4
Bf5 16. Rb1 Nb7 17. Nd2 Nd6 18. Qe3 Bxe4 19. Bxe4 Rc8 20. Bb2 Qd7 21. Re1 Rfe8
22. Nf3 f6 23. a4 Nxe4 24. Qxe4 e6 25. Rd1 a5 26. Qe3 exd5 27. Rxd5 Qe7 28. Nd2
e4 29. Nf1 Red8 30. Qd2 f5 31. Bxg7 Kxg7 32. Ne3 h6 33. Qb2+ Kh7 34. h4 h5 35.
Kf1 Rd6 36. Ke2 Rcd8 37. Rxd6 Rxd6 38. Nd5 Qg7 39. Qc2 Qd4 40. Qd2 Qxd2+ 41.
Kxd2 Kg7 42. Kc2 Rxd5 43. cxd5 Kf6 0-1

[Event "40th Olympiad Open"]
[Site "Istanbul TUR"]
[Date "2012.08.28"]
[Round "1.53"]
[Board "1"]
[White "Lee, Sanghoon"]
[Black "Goh, Wei Ming Kevin"]
[Result "0-1"]
[WhiteTitle "CM"]
[BlackTitle "IM"]
[WhiteElo "2126"]
[BlackElo "2437"]
[WhiteTeam "South Korea"]
[BlackTeam "Singapore"]
[WhiteFideId "13200011"]
[BlackFideId "5800706"]
[EventDate "2012.08.28"]

1. c4 e6 2. g3 d5 3. Bg2 Nf6 4. Nf3 Be7 5. O-O O-O 6. b3 d4 7. Bb2 Nc6 8. e3 e5
9. exd4 exd4 10. d3 Bg4 11. h3 Bh5 12. Na3 Nd7 13. Nc2 Nc5 14. g4 Bg6 15. Nfxd4
Nxd4 16. Bxd4 Ne6 17. Be3 Bxd3 18. Re1 Bf6 19. Rc1 Bb2 20. Bxb7 Bxc1 21. Qxc1
Qh4 22. Bg2 c5 23. Rd1 Rad8 24. Ne1 Bg6 25. Rd5 Qe7 26. Qc3 Nd4 27. Qa5 Rxd5 28.
cxd5 f5 29. Qd2 f4 30. Bxd4 cxd4 31. Nf3 d3 32. Nd4 Qe5 33. Nc6 Qe2 34. Qb4 d2 0-1

[Event "40th Olympiad Open"]
[Site "Istanbul TUR"]
[Date "2012.08.28"]
[Round "1.53"]
[Board "2"]
[White "Li, Ruofan"]
[Black "Jang, Kyungsik"]
[Result "1-0"]
[WhiteTitle "IM"]
[WhiteElo "2419"]
[BlackElo "1861"]
[WhiteTeam "Singapore"]
[BlackTeam "South Korea"]
[WhiteFideId "8600643"]
[BlackFideId "13201166"]
[EventDate "2012.08.28"]

1. d4 d5 2. c4 e6 3. Nc3 Be7 4. Nf3 Nf6 5. Bg5 h6 6. Bh4 O-O 7. e3 b6 8. Be2 Bb7
9. Bxf6 Bxf6 10. cxd5 exd5 11. b4 c5 12. bxc5 bxc5 13. Rb1 Bc6 14. O-O Nd7 15.
Bb5 Qc7 16. Qd3 cxd4 17. Nxd4 Bb7 18. Rfc1 Nc5 19. Qd1 Qd6 20. Be2 Rfd8 21. Na4
Nxa4 22. Qxa4 Bxd4 23. Qxd4 Rd7 24. Bg4 Rc7 25. Rxc7 Qxc7 26. g3 a5 27. Bf3 Rd8
28. Qb6 Rd7 29. Qxc7 Rxc7 30. a4 Kf8 31. Rb5 Rc1+ 32. Kg2 Ba6 33. Rb8+ Rc8 34.
Rxc8+ Bxc8 35. Bxd5 Bd7 36. Bb3 Ke7 37. e4 Bc6 38. f3 f6 39. Kf2 Kd6 40. Ke3 Kc5
41. Bd1 g5 42. f4 Bd7 43. h4 Be8 44. e5 fxe5 45. fxg5 hxg5 46. h5 Kd6 47. h6 Bg6
48. Bf3 1-0

[Event "40th Olympiad Open"]
[Site "Istanbul TUR"]
[Date "2012.08.28"]
[Round "1.53"]
[Board "3"]
[White "Bae, Junggi"]
[Black "Shanmugam, Ravindran"]
[Result "0-1"]
[BlackTitle "IM"]
[WhiteElo "1730"]
[BlackElo "2406"]
[WhiteTeam "South Korea"]
[BlackTeam "Singapore"]
[WhiteFideId "13201298"]
[BlackFideId "5801770"]
[EventDate "2012.08.28"]

1. d4 d5 2. c4 c6 3. e3 e6 4. Nf3 Nd7 5. b3 Bb4+ 6. Bd2 Bd6 7. Be2 f5 8. Bc3
Ngf6 9. O-O Ne4 10. Bb2 Qf6 11. Qc2 O-O 12. Ba3 Bxa3 13. Nxa3 Kh8 14. Nd2 Qh6
15. f4 Ndf6 16. Nxe4 Nxe4 17. Bf3 Nf6 18. Qf2 g5 19. g3 Rg8 20. Bh1 Ng4 21. Qe2
Bd7 22. Bf3 Nf6 23. Qd2 Rg7 24. Rf2 Rag8 25. Kf1 Be8 26. Ke1 Bh5 27. Bh1 gxf4
28. exf4 Ne4 29. Bxe4 dxe4 30. Qe3 Rd7 31. Nc2 Rgd8 32. Qc3 Qg7 33. Qa5 b5 34.
Rd2 c5 35. cxb5 cxd4 36. Nxd4 Qf6 37. Rc1 Rxd4 38. Rxd4 Qxd4 39. Qc3 e5 40. Qxd4
exd4 41. Rc5 d3 42. Kd2 e3+ 43. Kxe3 d2 44. Rxf5 d1=Q 0-1

[Event "40th Olympiad Open"]
[Site "Istanbul TUR"]
[Date "2012.08.28"]
[Round "1.53"]
[Board "4"]
[White "Fernandez, Daniel Howard"]
[Black "Baek, Wongi"]
[Result "1-0"]
[WhiteTitle "IM"]
[WhiteElo "2370"]
[BlackElo "1719"]
[WhiteTeam "Singapore"]
[BlackTeam "South Korea"]
[WhiteFideId "5801605"]
[BlackFideId "13200186"]
[EventDate "2012.08.28"]

1. e4 e5 2. Bc4 Nf6 3. d3 Bc5 4. Nf3 d6 5. h3 h6 6. c3 Bb6 7. Nbd2 Qe7 8. Bb3 c6
9. Qe2 Be6 10. Bc2 Nbd7 11. a4 a5 12. Nf1 Bc7 13. Ng3 d5 14. O-O Nh7 15. d4 dxe4
16. Nxe5 Nxe5 17. dxe5 Bxe5 18. Qxe4 Bf6 19. Bf4 Ng5 20. Qe3 Bc4 21. Qxe7+ Bxe7
22. Rfe1 Ne6 23. Nf5 Kf8 24. Bd6 Bxd6 25. Nxd6 Ba6 26. Rad1 b5 27. axb5 cxb5 28.
Bb3 Ke7 29. Nxf7 Kxf7 30. Rxe6 Kf8 31. Rxa6 1-0

[Event "40th Olympiad Open"]
[Site "Istanbul TUR"]
[Date "2012.08.28"]
[Round "1.54"]
[Board "1"]
[White "Sharavdorj, Dashzegve"]
[Black "Prasad, Calvin"]
[Result "1-0"]
[WhiteTitle "GM"]
[BlackTitle "CM"]
[WhiteElo "2446"]
[BlackElo "2002"]
[WhiteTeam "Mongolia"]
[BlackTeam "Fiji"]
[WhiteFideId "4900340"]
[BlackFideId "11400072"]
[EventDate "2012.08.28"]

1. d4 c6 2. c4 d5 3. Nf3 Nf6 4. Nc3 g6 5. e3 Bg7 6. Be2 O-O 7. O-O Bg4 8. cxd5
cxd5 9. Qb3 Bc8 10. Ne5 Nc6 11. f4 e6 12. Nxc6 bxc6 13. Na4 Qc7 14. Qc2 a5 15.
Nc5 Nd7 16. Nxd7 Bxd7 17. b3 Rfc8 18. Ba3 Bf8 19. Bxf8 Kxf8 20. Rfc1 Qb6 21. Kf2
Rcb8 22. Rab1 Qb4 23. Qb2 a4 24. a3 Qe7 25. b4 f5 26. g3 Kf7 27. Rc5 g5 28. Qd2
Ra7 29. Rh1 Rg8 30. Bd1 Kf8 31. Rc1 gxf4 32. exf4 Qf6 33. Qc3 Rh8 34. Bh5 Ra8
35. Qc5+ Kg7 1-0

[Event "40th Olympiad Open"]
[Site "Istanbul TUR"]
[Date "2012.08.28"]
[Round "1.54"]
[Board "2"]
[White "Arora, Neel"]
[Black "Batchuluun, Tsegmed"]
[Result "0-1"]
[BlackTitle "GM"]
[WhiteElo "1861"]
[BlackElo "2493"]
[WhiteTeam "Fiji"]
[BlackTeam "Mongolia"]
[WhiteFideId "11400145"]
[BlackFideId "4900847"]
[EventDate "2012.08.28"]

1. e4 e5 2. Nf3 Nc6 3. Bb5 a6 4. Ba4 Nf6 5. O-O Be7 6. Re1 b5 7. Bb3 O-O 8. c3
d6 9. h3 Re8 10. d3 Bf8 11. Nbd2 Na5 12. Bc2 c5 13. Nf1 Nc6 14. Bg5 h6 15. Bxf6
Qxf6 16. Bb3 Ne7 17. Ne3 Be6 18. Bxe6 fxe6 19. a4 Ng6 20. g3 Be7 21. Kg2 Rf8 22.
axb5 axb5 23. Rxa8 Rxa8 24. Nh2 Qf7 25. Qb3 Ra5 26. Qc2 h5 27. Qe2 Ra2 28. Qc2
Bg5 29. Qb3 Ra5 30. Nf3 Be7 31. Nd2 Nf8 32. Nb1 Bg5 33. Na3 Qd7 34. h4 Bf6 35.
Qd1 Qc8 36. Qb3 g6 37. c4 b4 38. Nb5 Be7 39. Nf1 Nh7 40. Nd2 Qc6 41. Rb1 Kg7 42.
Qd1 Qa8 43. Nc7 Qc8 44. Nb5 Ra2 45. Qf3 Nf6 46. Qe2 Ne8 47. g4 hxg4 48. Qxg4 Nf6
49. Qg5 Qd7 50. Qe3 Nh5 0-1

[Event "40th Olympiad Open"]
[Site "Istanbul TUR"]
[Date "2012.08.28"]
[Round "1.54"]
[Board "3"]
[White "Munkhgal, Gombosuren"]
[Black "Goundar, Sanmogam"]
[Result "1-0"]
[WhiteTitle "FM"]
[BlackTitle "CM"]
[WhiteElo "2394"]
[BlackElo "1929"]
[WhiteTeam "Mongolia"]
[BlackTeam "Fiji"]
[WhiteFideId "4901266"]
[BlackFideId "11400110"]
[EventDate "2012.08.28"]

1. d4 Nf6 2. c4 g6 3. Nc3 Bg7 4. e4 d6 5. f3 c5 6. Nge2 O-O 7. Be3 Nbd7 8. Qd2
a6 9. Rd1 Qa5 10. Nc1 cxd4 11. Bxd4 Nh5 12. Nb3 Qb4 13. Nd5 Qxd2+ 14. Rxd2 e5
15. Be3 f5 16. Nc7 Rb8 17. exf5 gxf5 18. Ba7 e4 19. fxe4 fxe4 20. Ne6 Ra8 21.
Nxf8 Bxf8 22. Be3 Ne5 23. Be2 Nf6 24. O-O Nfg4 25. Bg5 Be6 26. h3 Bh6 27. Bxh6
Nxh6 28. Rxd6 1-0

[Event "40th Olympiad Open"]
[Site "Istanbul TUR"]
[Date "2012.08.28"]
[Round "1.54"]
[Board "4"]
[White "Arvind, Goru"]
[Black "Gunbayar, Myagmarsuren"]
[Result "0-1"]
[BlackTitle "FM"]
[WhiteElo "1678"]
[BlackElo "2358"]
[WhiteTeam "Fiji"]
[BlackTeam "Mongolia"]
[WhiteFideId "11400188"]
[BlackFideId "4900766"]
[EventDate "2012.08.28"]

1. e3 d5 2. d3 Nf6 3. Nd2 c5 4. c3 Nc6 5. Ne2 e5 6. Ng3 Bd6 7. e4 d4 8. c4 O-O
9. Be2 Ne7 10. O-O Be6 11. Nh5 Nxh5 12. Bxh5 Qd7 13. Bf3 Ng6 14. g3 Rab8 15. Bg2
Bh3 16. b3 h5 17. Bxh3 Qxh3 18. Qf3 Bc7 19. Qg2 Qg4 20. f3 Qe6 21. h4 Ba5 22. a4
Rbe8 23. Kh2 Bc3 24. Rb1 a5 25. Qh3 b6 0-1

[Event "40th Olympiad Open"]
[Site "Istanbul TUR"]
[Date "2012.08.28"]
[Round "1.55"]
[Board "1"]
[White "Phillips, Roy"]
[Black "Annaberdiev, Meilis"]
[Result "1-0"]
[WhiteTitle "FM"]
[BlackTitle "IM"]
[WhiteElo "2257"]
[BlackElo "2437"]
[WhiteTeam "Mauritius"]
[BlackTeam "Turkmenistan"]
[WhiteFideId "404136"]
[BlackFideId "14000563"]
[EventDate "2012.08.28"]

1. c4 e5 2. g3 Nf6 3. Bg2 d5 4. cxd5 Nxd5 5. Nc3 Nb6 6. Nf3 Nc6 7. O-O Be7 8. d3
O-O 9. Be3 Re8 10. Na4 Bf8 11. Rc1 Nd4 12. Nc5 Bxc5 13. Rxc5 Bg4 14. Re1 Qd6 15.
b4 Bxf3 16. exf3 Ne6 17. Qb3 c6 18. Bh3 Nd5 19. Bxe6 Rxe6 20. Rc4 a6 21. Re4
Rae8 22. Bd2 h6 23. Bc3 Kh8 24. Qb2 f6 25. Bd2 Nc7 26. d4 Rd8 27. Bc1 Nb5 28.
dxe5 Rxe5 29. Rxe5 fxe5 30. Rxe5 Nd4 31. Re3 Qd5 32. Qc3 b6 33. Bb2 c5 34. bxc5
bxc5 35. Ba3 Qxa2 36. Qxc5 Nc2 37. Rc3 Qb1+ 38. Kg2 Ne1+ 39. Kh3 Nd3 40. Qe3
Qf1+ 41. Kh4 Nxf2 42. Qe6 Qb5 43. Be7 Re8 44. Rc8 Kh7 45. Rc6 Kh8 46. Qg6 Qb8
47. Bf6 Qb4+ 48. g4 Qf8 49. Bxg7+ Qxg7 50. Qxe8+ Kh7 51. Qd8 1-0

[Event "40th Olympiad Open"]
[Site "Istanbul TUR"]
[Date "2012.08.28"]
[Round "1.55"]
[Board "2"]
[White "Atabayev, Maksat"]
[Black "Li Ying, Patrick"]
[Result "1-0"]
[WhiteTitle "FM"]
[BlackTitle "CM"]
[WhiteElo "2402"]
[BlackElo "2120"]
[WhiteTeam "Turkmenistan"]
[BlackTeam "Mauritius"]
[WhiteFideId "14001101"]
[BlackFideId "9700056"]
[EventDate "2012.08.28"]

1. e4 d5 2. exd5 Qxd5 3. Nc3 Qa5 4. d4 Nf6 5. Nf3 c6 6. Bc4 Bf5 7. Ne5 e6 8. O-O
Be7 9. Ne2 O-O 10. Ng3 Bg6 11. Qe2 Qd8 12. c3 Nbd7 13. Nxg6 hxg6 14. Bd2 Re8 15.
Rad1 Qb6 16. Bc1 Rad8 17. Kh1 Qc7 18. Bb3 Bd6 19. Bg5 c5 20. Ne4 Be7 21. Nxc5
Nxc5 22. dxc5 Bxc5 23. Qf3 Be7 24. h3 Rxd1 25. Rxd1 Rd8 26. Re1 b6 27. Kg1 Nh5
28. Bc1 Nf6 29. Bf4 Bd6 30. Bg5 Be5 31. g3 Qc5 32. Be3 Qc7 33. Bg5 Qc5 34. Qe3
Qxe3 35. Bxe3 Bc7 36. Kf1 Kf8 37. a4 Ne4 38. Ke2 Ke7 39. h4 Bd6 40. Kf3 Nc5 41.
Bc2 Ke8 42. Bd4 Kf8 43. Rd1 Nd7 44. Ke2 e5 45. Be3 Nf6 46. b4 Bc7 47. Rb1 Nd5
48. Bd2 f5 49. c4 Nf6 50. Bc3 Ke7 51. a5 Rc8 52. axb6 axb6 53. Ra1 Bd6 54. Bb3
Ne4 55. Be1 Bb8 56. Ra6 Bc7 57. c5 Rb8 58. Ra7 Kd8 59. f3 Nf6 60. c6 b5 61. Bf2
e4 62. f4 Ng4 63. Bd4 Bb6 64. Rd7+ Kc8 65. Be6 Bxd4 66. Rb7+ Kd8 67. c7+ 1-0

[Event "40th Olympiad Open"]
[Site "Istanbul TUR"]
[Date "2012.08.28"]
[Round "1.55"]
[Board "3"]
[White "Seegolam, Pradeep"]
[Black "Atabayev, Yusup"]
[Result "0-1"]
[BlackTitle "FM"]
[WhiteElo "2041"]
[BlackElo "2411"]
[WhiteTeam "Mauritius"]
[BlackTeam "Turkmenistan"]
[WhiteFideId "9700080"]
[BlackFideId "14001128"]
[EventDate "2012.08.28"]

1. d4 Nf6 2. c4 c5 3. d5 e6 4. Nc3 exd5 5. cxd5 d6 6. Nf3 g6 7. e4 Bg7 8. Bb5+
Nbd7 9. O-O O-O 10. Qc2 a6 11. Be2 b5 12. Bf4 Qe7 13. Rfe1 h6 14. h3 Re8 15. Nd2
Ne5 16. Bg3 g5 17. Nd1 Ng6 18. f3 Nh5 19. Bf2 Qe5 20. Nf1 Ngf4 21. Nfe3 Bxh3 22.
Ng4 Bxg4 23. fxg4 Nxe2+ 24. Rxe2 Nf6 25. Ne3 Qxe4 26. Rae1 Qxc2 27. Rxc2 Re4 28.
Nf5 Rxe1+ 29. Bxe1 Bf8 30. Ne3 Re8 31. Kf2 Re4 32. Kf3 Rf4+ 33. Kg3 Rd4 34. Re2
Bg7 35. b3 Nxd5 36. Nxd5 Rxd5 37. Re8+ Kh7 38. Ra8 Be5+ 39. Kf3 Rd3+ 40. Ke2 Rd4
41. Rxa6 Rxg4 42. Kf3 Rf4+ 43. Ke2 Re4+ 44. Kf1 b4 0-1

[Event "40th Olympiad Open"]
[Site "Istanbul TUR"]
[Date "2012.08.28"]
[Round "1.56"]
[Board "1"]
[White "Iturrizaga, Eduardo"]
[Black "Mohamed, Hassan MDV"]
[Result "1-0"]
[WhiteTitle "GM"]
[WhiteElo "2627"]
[BlackElo "1790"]
[WhiteTeam "Venezuela"]
[BlackTeam "Maldives"]
[WhiteFideId "3901211"]
[BlackFideId "16700058"]
[EventDate "2012.08.28"]

1. Nf3 d5 2. d4 Nf6 3. c4 e6 4. Nc3 c6 5. Bg5 Be7 6. e3 Nbd7 7. Qc2 h6 8. Bh4
dxc4 9. Bxc4 Nd5 10. Bg3 N7b6 11. Be2 Bf6 12. O-O O-O 13. e4 Nc7 14. Rad1 Be7
15. Rfe1 Ne8 16. e5 Nc7 17. Qe4 Ncd5 18. Bd3 g6 19. Nh4 Qe8 20. Qf3 Kg7 21. Ne4
Qd8 22. Qg4 h5 23. Qh3 g5 24. Nf3 Rh8 25. Nf6 g4 26. Nxh5+ Kf8 27. Qxg4 Rg8 28.
Qe4 Bg5 29. h4 Be7 30. Qh7 Nd7 31. Qh6+ Ke8 32. Ng7+ Rxg7 33. Qxg7 Nf8 34. h5
Kd7 35. h6 Kc7 36. Qxf7 Bd7 37. h7 Nxh7 38. Qxh7 Rc8 39. Be4 Nb6 40. Bh4 Bxh4
41. Qxh4 Qg8 42. Qh7 Qg4 43. Qg6 Qf4 44. g3 Qf8 45. a3 Re8 46. Qf6 Qg8 47. Kg2
Nd5 48. Qg6 Qf8 49. Rh1 Qe7 50. Rh7 Qd8 51. Bxd5 cxd5 52. Rc1+ Kb8 53. Qf7 Bc6
54. Rxc6 1-0

[Event "40th Olympiad Open"]
[Site "Istanbul TUR"]
[Date "2012.08.28"]
[Round "1.56"]
[Board "2"]
[White "Ahmed, Fuad"]
[Black "Prasca Sosa, Rafael"]
[Result "0-1"]
[BlackTitle "IM"]
[WhiteElo "1830"]
[BlackElo "2415"]
[WhiteTeam "Maldives"]
[BlackTeam "Venezuela"]
[WhiteFideId "16700023"]
[BlackFideId "3900819"]
[EventDate "2012.08.28"]

1. d4 d5 2. c4 c6 3. Nc3 Nf6 4. Nf3 a6 5. c5 g6 6. Bf4 Bg7 7. Qc1 h6 8. e3 g5 9.
Bxb8 Rxb8 10. Bd3 Nd7 11. b4 O-O 12. O-O f5 13. a4 e6 14. Rb1 g4 15. Nd2 e5 16.
Ne2 Ra8 17. Bc2 f4 18. exf4 exf4 19. f3 g3 20. h3 Qh4 21. Rd1 Nf6 22. Nf1 Nh7
23. Bxh7+ Kxh7 24. b5 axb5 25. axb5 Be6 26. bxc6 bxc6 27. Rb6 Rac8 28. Qc2+ Bf5
29. Qd2 Bg6 30. Ra1 Rc7 31. Raa6 Qf6 32. Ra4 Re7 33. Nc3 Re6 34. Ra7 Kh8 35. Ne2
Rfe8 36. Rxg7 Rxe2 37. Rxg6 Qxg6 38. Qxf4 Re1 39. Qd2 h5 40. Rb7 Qe6 41. Rb3 h4
42. f4 Qe2 43. Qxe2 R8xe2 44. Rf3 Kg7 45. f5 Kf6 46. Rxg3 hxg3 0-1

[Event "40th Olympiad Open"]
[Site "Istanbul TUR"]
[Date "2012.08.28"]
[Round "1.56"]
[Board "3"]
[White "Ynojosa, Felix Jose"]
[Black "Abdulla, Ibrahim"]
[Result "1-0"]
[WhiteTitle "FM"]
[WhiteElo "2374"]
[BlackElo "1851"]
[WhiteTeam "Venezuela"]
[BlackTeam "Maldives"]
[WhiteFideId "3900258"]
[BlackFideId "16700015"]
[EventDate "2012.08.28"]

1. e4 d6 2. d4 Nf6 3. Bd3 Nc6 4. c3 g6 5. f4 Bg7 6. e5 dxe5 7. fxe5 Nd5 8. Nf3
Bg4 9. O-O O-O 10. h3 Bd7 11. Ng5 f5 12. exf6 exf6 13. Nxh7 Kxh7 14. Qh5+ Kg8
15. Bxg6 Re8 16. Qh7+ Kf8 17. Bh6 Ke7 18. Qxg7+ Kd6 19. Bxe8 Bxe8 20. Nd2 Qe7
21. Rae1 Qxg7 22. Bxg7 Kd7 23. Ne4 b6 24. Nxf6+ Nxf6 25. Rxf6 Ne7 26. g4 1-0

[Event "40th Olympiad Open"]
[Site "Istanbul TUR"]
[Date "2012.08.28"]
[Round "1.56"]
[Board "4"]
[White "Abdul Rahman Ali"]
[Black "Ostos, Julio"]
[Result "0-1"]
[BlackTitle "IM"]
[WhiteElo "1912"]
[BlackElo "2345"]
[WhiteTeam "Maldives"]
[BlackTeam "Venezuela"]
[WhiteFideId "16700066"]
[BlackFideId "3900053"]
[EventDate "2012.08.28"]

1. f4 Nf6 2. d4 g6 3. e3 Bg7 4. Bd3 O-O 5. Nf3 d6 6. O-O Nc6 7. c3 e5 8. fxe5
dxe5 9. Bc2 Re8 10. Bb3 h6 11. Nbd2 e4 12. Nh4 Na5 13. g3 Nxb3 14. Qxb3 b6 15.
Ng2 g5 16. a4 a6 17. Qc2 Bg4 18. Rf2 Qd7 19. c4 Bh5 20. Nb3 Qh3 21. Ne1 Rad8 22.
Bd2 Ng4 23. Rg2 Rd6 24. Qc3 Rf6 25. Nc2 Rf2 26. Rxf2 Nxf2 27. Bc1 Qf5 28. Ne1
Nh3+ 29. Kg2 Qf2+ 30. Kxh3 Qf1+ 31. Ng2 Qf5+ 32. g4 0-1

[Event "40th Olympiad Open"]
[Site "Istanbul TUR"]
[Date "2012.08.28"]
[Round "1.57"]
[Board "1"]
[White "Chipanga, Chiletso"]
[Black "Matamoros Franco, Carlos S."]
[Result "0-1"]
[WhiteTitle "CM"]
[BlackTitle "GM"]
[WhiteElo "2116"]
[BlackElo "2548"]
[WhiteTeam "Malawi"]
[BlackTeam "Ecuador"]
[WhiteFideId "16400119"]
[BlackFideId "3600017"]
[EventDate "2012.08.28"]

1. e4 e6 2. d4 d5 3. e5 c5 4. c3 Qb6 5. Nf3 Nc6 6. Be2 Nh6 7. O-O cxd4 8. cxd4
Nf5 9. Nc3 Nfxd4 10. Nxd4 Qxd4 11. Qb3 Be7 12. g3 Qxe5 13. Bf4 Qf6 14. Nb5 O-O
15. Nc7 Rb8 16. Na6 e5 17. Nxb8 Nd4 18. Qd1 exf4 19. Bd3 Be6 20. Na6 bxa6 21.
Rc1 Bd6 22. b3 g6 23. Kh1 h5 24. a3 Bh3 25. b4 h4 26. gxh4 Bg2+ 0-1

[Event "40th Olympiad Open"]
[Site "Istanbul TUR"]
[Date "2012.08.28"]
[Round "1.57"]
[Board "2"]
[White "Guerra Tulcan, Lenin"]
[Black "Nyambalo, Joseph Xavier"]
[Result "1/2-1/2"]
[WhiteTitle "FM"]
[WhiteElo "2424"]
[BlackElo "2100"]
[WhiteTeam "Ecuador"]
[BlackTeam "Malawi"]
[WhiteFideId "3601382"]
[BlackFideId "20500041"]
[EventDate "2012.08.28"]

1. e4 c5 2. Nf3 d6 3. d4 cxd4 4. Nxd4 Nf6 5. Nc3 a6 6. Be2 e6 7. O-O Be7 8. a4
O-O 9. Kh1 Nc6 10. f4 Bd7 11. Be3 Qc7 12. Nb3 b6 13. Bf3 e5 14. f5 Na5 15. Nxa5
bxa5 16. g4 Bc6 17. g5 Ne8 18. Bg2 Qb7 19. Ra3 Rc8 20. Rb3 Qd7 21. Qg4 g6 22.
Qg3 Bxa4 23. Ra3 Bxc2 24. f6 Bd8 25. Bh3 Qc6 26. Bxc8 Qxc8 27. Qg2 Bd3 28. Rc1
Qb7 29. Nd5 Qb5 30. Ne7+ Kh8 31. Nd5 Bc4 32. Rac3 Bxd5 33. exd5 Nc7 34. Rxc7
Bxc7 35. Rxc7 Qd3 36. Rc3 Qb1+ 37. Bg1 h5 38. Qc2 Qf1 39. Qd3 Qf4 40. Qe3 Qb4
41. b3 a4 42. bxa4 Qxa4 43. Ra3 Qc4 44. Qd3 Qf4 45. Rxa6 Rc8 46. Rc6 Ra8 47. Qe3
Qg4 48. h3 Qf5 49. Kg2 Ra1 50. Rc1 Rxc1 51. Qxc1 Qe4+ 52. Kh2 Qe2+ 53. Kg3 Qe4
54. Qd2 h4+ 55. Kh2 Qf3 56. Qg2 Qf4+ 57. Kh1 Kg8 58. Qg4 Qf1 59. Kh2 Qe1 60. Qg2
Qc1 61. Bf2 Qf4+ 62. Kh1 Qc1+ 63. Bg1 Qc4 64. Be3 e4 65. Qd2 Qf1+ 66. Kh2 Qf3
67. Qf2 Qd1 68. Qxh4 Qd3 69. Qf2 Qxd5 70. Qd2 Qc4 71. Kg3 d5 72. h4 Qf1 73. Qf2
Qd1 74. Kf4 Qd3 75. Qd2 Qf1+ 76. Ke5 Qf5+ 77. Kd6 Qe6+ 78. Kc5 Qe5 79. Qd4 Qc7+
80. Kxd5 Qd7+ 81. Kc4 Qa4+ 82. Kc5 Qa5+ 83. Kd6 Qa6+ 84. Qb6 Qc8 85. Ke7 Qc4 86.
Qd8+ Kh7 87. Qe8 Qb4+ 88. Kxf7 Qc4+ 89. Kf8 Qg8+ 90. Ke7 Qe6+ 91. Kd8 Qc8+ 1/2-1/2

[Event "40th Olympiad Open"]
[Site "Istanbul TUR"]
[Date "2012.08.28"]
[Round "1.57"]
[Board "3"]
[White "Mbedza, Richard"]
[Black "Macias Murillo, Bryan"]
[Result "0-1"]
[BlackTitle "IM"]
[WhiteElo "2045"]
[BlackElo "2365"]
[WhiteTeam "Malawi"]
[BlackTeam "Ecuador"]
[WhiteFideId "16400143"]
[BlackFideId "3603296"]
[EventDate "2012.08.28"]

1. e4 c5 2. d3 Nc6 3. f4 d5 4. Nd2 dxe4 5. dxe4 g6 6. c3 Bg7 7. Ngf3 Nf6 8. Bb5
O-O 9. Bxc6 bxc6 10. O-O Ba6 11. Re1 Qb6 12. Ne5 c4+ 13. Kh1 Rad8 14. Qe2 Nh5
15. Ndxc4 Bxe5 16. fxe5 Qc5 17. b3 Bxc4 18. Qxc4 Qxe5 19. Be3 Qc7 20. Rf1 e5 21.
Bg5 Rd7 22. Rad1 Re8 23. Bh6 Rxd1 24. Rxd1 Nf4 25. g3 Ne6 26. Kg2 Rd8 27. Rxd8+
Nxd8 28. h4 Ne6 29. Qb4 f6 30. Qc4 Kf7 31. Be3 f5 32. exf5 gxf5 33. Qd3 Kf6 34.
b4 a5 35. a3 axb4 36. axb4 Qb7 37. Qd6 c5+ 38. Kf2 cxb4 39. cxb4 Qc7 40. Qd3 e4
41. Qd2 Qe5 42. Kg2 Qb5 43. Kf2 h5 44. Qc3+ Ke7 45. Bc5+ Nxc5 46. bxc5 Ke6 47.
Ke3 Qb8 48. Ke2 Kd5 49. Qf6 Qb5+ 50. Ke1 Qb1+ 51. Kf2 Qc2+ 52. Kf1 Qd1+ 53. Kg2
Qf3+ 54. Kh2 Kxc5 55. Qe7+ Kc4 56. Qe6+ Kc3 57. Qc6+ Kd2 58. Qd5+ Ke1 59. Qa5+
Kf1 60. Qa1+ Kf2 61. Qg1+ Ke2 0-1